The Sanborn fire insurance maps, Texas : reel 12 Dawson (8493)-Eagle Pass (8507).

Bibliographic Details
Corporate Author: Sanborn Map Company
Format: Microform Book
Language:English
Published: Teaneck, NJ : Chadwyck-Healey, 1983.
Subjects:

MARC

Tag First Indicator Second Indicator Subfields
LEADER 00000cam a2200000 a 4500
001 in00000593521
005 20151014094315.0
007 hd afb018baca
008 871209s1983 njub a 00000 eng d
035 |a (OCoLC)17206669 
035 |9 ACR1429AM 
040 |a TXA  |c TXA  |d UtOrBLW 
043 |a n-us-tx 
049 |a TXAI 
099 |a film  |a B  |a 3429  |a reel 12 
245 0 4 |a The Sanborn fire insurance maps, Texas :  |b reel 12 Dawson (8493)-Eagle Pass (8507). 
264 1 |a Teaneck, NJ :  |b Chadwyck-Healey,  |c 1983. 
300 |a 1 microfilm reel :  |b maps ;  |c 35 mm. 
336 |a text  |b txt  |2 rdacontent 
337 |a microform  |b h  |2 rdamedia 
338 |a microfilm reel  |b hd  |2 rdacarrier 
500 |a Title from container. 
500 |a Maps are arranged in the order that they appear in: Fire insurance maps in the Library of Congress, 1981. 
505 0 |a Dawson (8493) -- Dayton (8494) -- De Leon (8495) -- Decatur (8496) -- Del Rio (8497) -- Denison (8498) -- Denton (8499) -- Detroit (8500) -- Devine (8501) -- Donna (8502) -- Dublin (8503) -- Duffau (8504) -- Dumas (8505) -- Eagle Lake (8506) -- Eagle Pass (8507). 
500 |a Microform. 
650 0 |a Fire insurance  |z Texas  |v Maps. 
651 0 |a Texas  |x Maps. 
710 2 2 |a Sanborn Map Company. 
740 0 2 |a Fire insurance maps, Texas, Dawson (8493)-Eagle Pass (8507). 
740 0 2 |a Sanborn fire insurance maps, Dawson (8493)-Eagle Pass (8507). 
999 |a MARS 
999 f f |s 4c3d457d-eb89-391f-b1b4-3b79b336bd1e  |i 8395c5d9-f5f1-3f42-932e-f4cef6599dcf  |t 0 
952 f f |p default  |a Texas A&M University  |b College Station  |c Sterling C. Evans Library  |d Evans: Microforms (3rd floor)  |t 0  |e film B 3429 reel 12  |h Other scheme  |i microform -- microfilm reel 
998 f f |a film B 3429 reel 12  |t 0  |l Evans: Microforms (3rd floor)